000 00712nam a2200217Ia 4500
003 GCL
008 140319s9999 xx 000 0 ara d
020 _a4330901977
040 _aGCL /
_cGCL
082 0 4 _a822.008
_bش د
100 1 _aابراهيم زكى خورشيد
245 1 0 _aدقة بدقة /
_cابراهيم زكى خورشيد
700 1 _aشكسبير، ويليام
250 _aالثانية
260 _aالقاهرة :
_bدار المعارف ،
_c1993
300 _a157ص ؛
_c19سم
650 0 4 _aالمسرحيات الانجليزية المترجمة
650 0 4 _aشكسبير، ويليام
650 0 4 _aالمسرح الانجليزى المترجم
942 _2ddc
_cBK
999 _c27932
_d27932